Roblox Top 100 Most Visited Games - Statistics

General Stats
  • This quiz has been taken 109 times
    4 since last reset
  • The average score is 18 of 100
Answer Stats
Creator Visits Answer % Correct
Gamer Robot Inc 61.1B Blox Fruits
100%
__________a by Voldex 81.8B Brookhaven
100%
The Garden Game 35.2B Grow A Garden
100%
BRAZILIAN SPYDER 67.7B Steal A Brainrot
100%
_____ __ _______ Group 9.99B Dress To Impress
67%
Nikilis 25.3B Murder Mystery 2
67%
BIG Games Pets 8.97B Pet Simulator X
67%
MiniToon 14.1B Piggy
67%
Nosniy Games 14.4B RIVALS
67%
YXceptional Studios 27.6B Tower Of Hell
67%
Grandma's Favourite Games 26.3B 99 Nights In The Forest
33%
Gomu 2.5B AA
33%
Uplift Games 43.3B Adopt Me
33%
ROLVe 6.19B Arsenal
33%
Easy.gg 11.2B BedWars
33%
Onett 4.37B Bee Swarm Simulator
33%
Wiggity. 6.12B Blade Ball
33%
____ ____ ______ Unofficial Fans 4.59B Blue Lock: Rivals
33%
________ _________ 1.8B Brainrot Evolution
33%
Cracky4 2.94B Break In
33%
BlushCrunch Studio 6.68B Dandy's World
33%
RCM Games 6.25B Dead Rails
33%
LSPLASH 7.34B DOORS
33%
_______ ______ by Voldex 2.78B Driving Empire
33%
Wave of _________ 5.44B Escape Tsunami For Brainrots
33%
Hexagon Development Community 8.51B Evade
33%
_____ing 4.4B Fisch
33%
____ Atelier 4.34B Fish It
33%
A.W. Apps 5.56B Flee The Facility
33%
________ Dev Team 4.87B Forsaken
33%
alexnewtron 16.2B MeepCity
33%
BIG Games Pets 2.4B Pet Simulator 99
33%
Splitting Point - PVB 4.62B Plants & Brainrots
33%
callmehbob 10.3B Royale High
33%
____ Studio 1.81B Sol's RNG
33%
Yielding Arts 17.7B The Strongest Battlegrounds
33%
Telanthric Development 6.09B Toilet Tower Defense
33%
Limitless Studio 4.01B Tower Of Misery
33%
QuadraTech 1.91B Vehicle Legends
33%
________ Development 9.9B Welcome To Bloxburg
33%
uglyburger0 3.15B 3008
0%
Jandel's Road ____ 2.28B A Dusty Trip
0%
Top Down Games 7.79B All Star Tower Defense
0%
Small World Games x _____ _________ 3.41B Anime Defenders
0%
Kitawari 1.87B Anime Vanguards
0%
PlatinumFalls 4.32B BARRY'S PRISON RUN
0%
Amberry Games 8.01B Berry Avenue
0%
BIG Games 1.85B BIG Paintball
0%
Chillz Studios 4.98B Build A Boat For Treasure
0%
Foxzie 2.46B Car Dealership Tycoon
0%
Muneeb 6.7B Catalog Avatar Creator
0%
Block Evolution Studios 2.8B Club Roblox
0%
11aganfy 2.62B Color Block
0%
_____ Studios 1.94B Creatures of Sonaria
0%
__ ____ Entertainment 2.89B Da Hood
0%
_______ _____ by Voldex 2.32B Dungeon Quest
0%
TypicalType 2.31B Epic Minigames
0%
manato48 2.87B Escape Running Head
0%
_______ ______ 2.29B Fashion Famous
0%
Horomori 2.96B Fling Things And People
0%
XSTNS GAMES 1.71B Football Fusion 2
0%
Creator_Studio 1.94B FREE ADMIN
0%
Lyte Interactive 1.97B Funky Friday
0%
SnowdustDev 2.88B Gacha Online
0%
Tim7775 3.35B Hide And Seek Extreme
0%
games i think 3.01B Ink Game
0%
Easy.gg 2.34B Islands
0%
Badimo 7.87B Jailbreak
0%
Tze's ___________ 5.02B Jujutsu Shenanigans
0%
Sea King Games 3.97B King Legacy
0%
Scriptbloxian Studios 1.92B Legends Of Speed
0%
Cinnamon Software 3.32B LifeTogether
0%
Century Makers 5.38B Livetopia
0%
Schwifty Studios 2.6B Mad City: Chapter 2
0%
Authentic Creations 1.72B Mega Easy Obby
0%
Century Creators 2.14B Metro Life
0%
Red21 Games 2.43B Murderers VS Sheriffs DUELS
0%
Scriptbloxian Studios 2.21B Muscle Legends
0%
Stickmasterluke 4.23B Natural Disaster Survival
0%
Scriptbloxian Studios 2.14B Ninja Legends
0%
FORTUNE 777 1.89B Obby But You're On A Bike
0%
StyLiS Studios 1.76B Phantom Forces
0%
haz3mn 5.04B PLS DONATE
0%
Aesthetical 2.87B Prison Life
0%
Roy & Charcle 4.86B Rainbow Friends
0%
RELL World 2.65B Shinobi Life 2
0%
____ _______ 3.43B Slap Battles
0%
Vurse 1.72B Speed Run 4
0%
RoyStanford 2.89B Spider
0%
Trendsetter Games 1.98B Squid Game
0%
redifi 1.88B Squid Game X
0%
_____ ______ 2.46B Super Hero Tycoon
0%
homermafia1 1.8B Survive and Kill the Killers in Area 51
0%
Slyce Entertainment 2.59B Survive The Killer
0%
TheLegendOfPyro 3.13B The Floor Is LAVA
0%
Paradoxum Games 4.66B Tower Defense Simulator
0%
Nighty Studio 2.81B Twilight Daycare
0%
__________ Game Group 3.27B Volleyball Legends
0%
Dued1 5.47B Work At A Pizza Place
0%
_______ Studios 2.21B Your Bizzare Adventure
0%
No matching quizzes found
Score Distribution
Percent of People with Each Score
Percentile by Number Answered
Your Score History
You have not taken this quiz since the last reset